Представление документа в формате RUSMARC

ПолеНазваниеЗначение
  Тип записи a
  Библиографический уровень m
001 Контрольный номер RU\NLR\BIBL_A\011916682
005 Дата корректировки 20201206205210.0
010 Индекс ISBN __
a ISBN 978-5-906401-87-8 (в пер.)
d Цена 948-77
021 № государственной регистрации __
b № документа 2018-98226
100 Данные общей обработки __
a Данные общей обработки 19190124d2019 |||y0rusy0189 ca
101 Язык документа 1_
a Язык текста rus
c Язык оригинала eng
102 Страна публикации __
a Страна публикации RU
102 Страна публикации __
a Страна публикации RU
105 Кодированные данные (монография) __
a Кодированные данные (монография) #|||||||001zy
200 Заглавие и сведения об ответственности 1_
a Заглавие Основания морали
f Первые сведения об ответственности Генри Хэзлит ; перевод с английского: А. А. Столяров
b Общее обозначение материала Текст
210 Выходные данные __
a Место издания Москва
a Место издания Челябинск
c Издательство Мысль
c Издательство Социум
d Дата издания 2019
215 Физическое описание __
a Объем 539 с.
d Формат 23 см
300 Общие примечания __
a Общие примечания The foundations of morality
320 Библиография __
a Библиография Библиография в комментариях: с. 384-417
320 Библиография __
a Библиография Указатель: с. 525-539
330 Аннотация __
a Аннотация В книге, помимо положительного изложения проблематики утилитаризма правил, содержится критический анализ альтернативных подходов, в частности и прежде всего кантовского. Этические монографии, написанные с точки зрения какого-то одного подхода, редко излагаются в формате учебников, и чаще всего посвящены нерешенным и спорным вопросам. В свою очередь, учебники сводятся к истории этических учений. Книга Г. Хэзлита ближе всего подходит на роль учебника, написанного с точки зрения единого подхода. В приложении к настоящему изданию публикуется систематизированная антология выдержек из сочинений Людвига фон Мизеса, дающая представление о его теории общественного сотрудничества, на которую Г. Хэзлит опирается в своих построениях.
600 Персоналии __
a Персоналии (Фамилия) Мизес, Л. фон
c Дополнение к имени философ
f Даты 1881-1973
g Полное имя Людвиг фон
606 Тематические рубрики __
a Основная рубрика Этика
606 Тематические рубрики __
a Основная рубрика Другие этические нормы
610 Ключевые слова __
a Ключевые слова утилитаризм
610 Ключевые слова __
a Ключевые слова мораль
610 Ключевые слова __
a Ключевые слова история этики
610 Ключевые слова __
a Ключевые слова этические нормы
610 Ключевые слова __
a Ключевые слова моральные нормы
610 Ключевые слова __
a Ключевые слова моральные ценности
610 Ключевые слова __
a Ключевые слова теория общественного сотрудничества
610 Ключевые слова __
a Ключевые слова нравственность
686 Индексы других классификаций __
2 Код системы rubbks
a Классификационный индекс 87.701
700 Автор _1
a Фамилия Хэзлитт
b Имя Г.
f Даты 1894-1993
g Полное личное имя Генри
4 Код отношения 070
701 Альтернативная интеллектуальная ответственность _1
a Фамилия Столяров
b Имя А. А.
f Даты 1953-
g Полное личное имя Александр Арнольдович
4 Код отношения 730
801 Источник записи _0
a Страна RU
b Организация NLR
c Дата составления 20190124
g Правила каталогизации PSBO
801 Источник записи _2
a Страна RU
b Организация Муниципальное бюджетное учреждение культуры "Централизованная библиотечная система" г. Сургут (Центральная городская библиотека им. А. С. Пушкина)
c Дата составления 20190124
852 Данные о местонахождении __
j Шифр хранения 87.701
i Авторский знак Х 99
901 Тип документа __
a Ответственный КиК/Котельникова
t Тип документа m
903 Характеристики (МАРС) __
a Дата передачи 20190903
990 Данные о заказе (DOS) __
j Количество экземпляров (DOS) 1
t N записи в КСУ для И/У (DOS) 201909